| 000 | 00418nam a22001697a 4500 | ||
|---|---|---|---|
| 003 | CEME | ||
| 005 | 20210628203014.0 | ||
| 008 | 210126b xxu||||| |||| 00| 0 eng d | ||
| 020 | _a187882503-8 | ||
| 040 | _c. | ||
| 082 | _a330.9048 CHO | ||
| 100 |
_aChomsky, Noam _922959 |
||
| 245 | _aThe prosperous few and the restless many | ||
| 260 |
_aUSA _bISLAMIC PUBLICATIONS _c2003 |
||
| 300 | _a96 P | ||
| 942 |
_cBK _2ddc |
||
| 999 |
_c571805 _d571805 |
||